[Event "New England Club Tourney for Under 1800"]
[Site "SchemingMind.com"]
[Date "2011.04.18"]
[Round "-"]
[White "tecamac"]
[Black "guyhayton"]
[Result "0-1"]
[WhiteCountry "FRA"]
[BlackCountry "ENG"]
[WhiteElo "1625"]
[WhiteRD "86"]
[BlackElo "1468"]
[BlackRD "89"]
[GameID "281459"]

1. e4 c5 2. Nf3 a6 3. c3 e6 4. d4 cxd4 5. cxd4 d5 6. e5 Qd7 7. Be3 Ne7 8. Nc3 Nf5 9. Bd3 Nxe3 10. fxe3 Be7
11. h4 Nc6 12. Ng5 h6 13. Qh5 g6 14. Bxg6 Bxg5 15. hxg5 Rg8 16. Bh7 Rxg5 17. Qxh6 Rxg2 18. O-O-O b5 19. Qf6 Bb7 20. Be4 Rg8
21. Bc2 Qe7 22. Qh6 O-O-O 23. Rhg1 Na5 24. Rxg8 Rxg8 25. Qh7 Rf8 26. Rf1 Nc4 27. Rf3 Bc6 28. Bg6 Qb4 29. Qh2 fxg6 30. Rxf8+ Qxf8
31. Qg2 Nxe3 32. Qh3 Nf5 33. Ne2 Qb4 34. Qc3 Qc4 35. Nf4 Nxd4 36. Kd2 g5 37. Ng6 Qe2+ 38. Kc1 Qf1+ 39. Kd2 Nf3+ 40. Kc2 Kb7
41. Ne7 Qe2+ 42. Kb3 Nd2+ 43. Kb4 Qg4+ 44. Kc5 Ne4+
0-1

[Event "New England Club Tourney for Under 1800"]
[Site "SchemingMind.com"]
[Date "2011.04.18"]
[Round "-"]
[White "guyhayton"]
[Black "tecamac"]
[Result "1-0"]
[WhiteCountry "ENG"]
[BlackCountry "FRA"]
[WhiteElo "1468"]
[WhiteRD "89"]
[BlackElo "1625"]
[BlackRD "86"]
[GameID "281461"]

1. e4 e5 2. Ne2 Nc6 3. Nbc3 Bb4 4. Nd5 Nf6 5. c3 Ba5 6. g3 Nxd5 7. exd5 Ne7 8. d4 exd4 9. Qxd4 O-O 10. Bg2 d6
11. O-O Nf5 12. Qf4 Qf6 13. Re1 Bb6 14. g4 Nh4 15. Qxf6 gxf6 16. Nd4 Bxd4 17. cxd4 Bxg4 18. Re4 f5 19. Re3 Rfe8 20. h3 Bh5
21. Rg3+ Kh8 22. Bg5 Ng6 23. Rc1 Rac8 24. Bf6+ Kg8 25. Rg5 Be2 26. Rxf5 Bd3 27. Rg5 h6 28. Rh5 Kh7 29. Bg5 Rg8 30. Rc3 Be2
31. Rxh6+ Kg7 32. Be4 Rh8 33. Rxh8 Rxh8 34. Rxc7 Rxh3 35. Kg2 Rh5 36. f4 Ba6 37. Rd7 Rh8 38. Rxd6 Rc8 39. Bxg6 fxg6 40. Rxa6 bxa6
41. d6 Rc4 42. d7 Rxd4 43. d8=Q Rxd8 44. Bxd8 a5 45. Bxa5 Kf6 46. Bd2 Ke6 47. Kg3 Kf5 48. Kf3 Ke6 49. Kg4 Kf6 50. Bc3+ Kf7
51. Kg5 a6 52. b3
1-0

[Event "New England Club Tourney for Under 1800"]
[Site "SchemingMind.com"]
[Date "2011.05.07"]
[Round "-"]
[White "Carl Lenox"]
[Black "DreamCreature"]
[Result "0-1"]
[WhiteCountry "CAN"]
[BlackCountry "USA"]
[WhiteElo "1371"]
[WhiteRD "81"]
[BlackElo "1738"]
[BlackRD "89"]
[GameID "283132"]

1. e4 e5 2. Nf3 Nc6 3. Bb5 Nge7 4. O-O a6 5. Bc4 d5 6. Bd3 dxe4 7. Bxe4 Bf5 8. Re1 Qd7 9. Nc3 Ng6 10. d3 Bd6
11. Be3 O-O 12. Nd5 Bxe4 13. dxe4 Nce7 14. Nc3 Rad8 15. Bg5 h6 16. Be3 Qc6 17. b3 Bb4 18. Bd4 Bxc3 19. Rc1 exd4 20. Re2 Nf4
21. Ne5 Nxe2+ 22. Qxe2 Qe6 23. Qh5 Ng6 24. Nc4 Qxe4
0-1

[Event "New England Club Tourney for Under 1800"]
[Site "SchemingMind.com"]
[Date "2011.05.05"]
[Round "-"]
[White "DreamCreature"]
[Black "Carl Lenox"]
[Result "1-0"]
[WhiteCountry "USA"]
[BlackCountry "CAN"]
[WhiteElo "1738"]
[WhiteRD "89"]
[BlackElo "1371"]
[BlackRD "81"]
[GameID "283143"]

1. e4 c5 2. Nf3 d6 3. d4 b6 4. Nc3 e6 5. Bc4 Nf6 6. Bg5 Be7 7. O-O a6 8. a4 Nc6 9. Re1 O-O 10. Qd2 Rb8
11. Rad1 cxd4 12. Nxd4 Bd7 13. Bxa6 e5 14. Nxc6 Bxc6 15. Bxf6 Ra8 16. Bxe7 Qxe7 17. Bb5 Bb7 18. Qxd6 Rae8 19. Bxe8 Rxe8 20. Qxe7
1-0

[Event "New England Club Tourney for Under 1800"]
[Site "SchemingMind.com"]
[Date "2011.05.16"]
[Round "-"]
[White "flammablepawn"]
[Black "turbo_lag"]
[Result "1-0"]
[WhiteCountry "USA"]
[BlackCountry "USA"]
[WhiteElo "1933"]
[WhiteRD "66"]
[BlackElo "1741"]
[BlackRD "90"]
[GameID "283815"]

1. b4 e5 2. Bb2 Bxb4 3. Bxe5 Nf6 4. Nf3 Nc6 5. Bb2 d5 6. e3 O-O 7. Be2 Re8 8. O-O a6 9. d3 h6 10. a3 Ba5
11. Nbd2 Qd6 12. Nb3 b6 13. Nxa5 bxa5 14. c4 Rb8 15. Bc3 Bf5 16. Bxf6 Qxf6 17. cxd5 Ne5 18. Nxe5 Rxe5 19. e4 Bd7 20. f4 Ree8
21. e5 Qb6+ 22. Kh1 Qb5 23. Bf3 Bf5 24. Be4 Bxe4 25. dxe4 Qc4 26. Re1 Qc5 27. Qd3 Rb2 28. Qe3 Qxe3 29. Rxe3 Reb8 30. h3 Rf2
31. f5 Rbb2 32. Rg1 Rfe2 33. Rd3 Rxe4 34. e6 fxe6 35. fxe6 Ree2 36. d6 cxd6 37. Rxd6 Kf8 38. Rxa6 Ke7 39. Rxa5 Kxe6 40. Ra7 Kf6
41. Rf1+ Rf2 42. Rxf2+ Rxf2 43. a4 Ra2 44. a5 g5 45. Kh2 h5 46. a6 Ra3 47. Ra8 Kg7 48. Ra7+ Kg6 49. Ra8 Kg7 50. a7 h4
51. Kg1 Ra1+ 52. Kf2 Ra2+ 53. Kf3 Ra4 54. Ke3 Ra3+ 55. Ke4 Ra5 56. Kf3 Ra4 57. Ke3 Ra3+ 58. Kd4 Ra4+ 59. Kc5 Ra5+ 60. Kb6 Ra2
61. Rd8 Rb2+ 62. Kc5
1-0

[Event "New England Club Tourney for Under 1800"]
[Site "SchemingMind.com"]
[Date "2011.05.16"]
[Round "-"]
[White "turbo_lag"]
[Black "flammablepawn"]
[Result "1-0"]
[WhiteCountry "USA"]
[BlackCountry "USA"]
[WhiteElo "1753"]
[WhiteRD "92"]
[BlackElo "1893"]
[BlackRD "71"]
[GameID "283829"]

1. e4 e6 2. d4 d5 3. Nc3 Nf6 4. Bd3 c5 5. Nf3 dxe4 6. Nxe4 Nxe4 7. Bxe4 cxd4 8. Qxd4 Qxd4 9. Nxd4 a6 10. Be3 Be7
11. O-O-O Nd7 12. f4 Nf6 13. Bf3 O-O 14. g4 Rb8 15. f5 exf5 16. Bf4 Ra8 17. g5 Ne8 18. Rhe1 Bc5 19. Nb3 Bb6 20. h4 Bc7
21. Bxc7 Nxc7 22. Nc5 Rb8 23. Nd7 Bxd7 24. Rxd7 Ne6 25. Rxb7 Nd4 26. Bd5 g6 27. Ree7 Rxb7 28. Bxb7 a5 29. Bd5 Nb5 30. a4 Nd4
31. c3 Ne2+ 32. Rxe2
1-0

[Event "New England Club Tourney for Under 1800"]
[Site "SchemingMind.com"]
[Date "2011.05.16"]
[Round "-"]
[White "rapscallion"]
[Black "lennart"]
[Result "1-0"]
[WhiteCountry "ENG"]
[BlackCountry "SWE"]
[WhiteElo "1617"]
[WhiteRD "115"]
[BlackElo "1526"]
[BlackRD "56"]
[GameID "284223"]

1. d4 d5 2. Nf3 Nf6 3. c4 dxc4 4. Nc3 a6 5. e4 c6 6. Bxc4 e6 7. O-O b5 8. Be2 Be7 9. Ne5 O-O 10. a3 c5
11. d5 exd5 12. exd5 Bd6 13. Bf4 Qb6 14. h3 Re8 15. Nd3 Bxf4 16. Nxf4 c4 17. Bf3 Ra7 18. Re1 Rxe1+ 19. Qxe1 Nbd7 20. Qe2 Bb7
21. Re1 g6 22. Qd2 Ra8 23. Ne4 Ne5 24. Nxf6+ Qxf6 25. Be4 Rd8 26. g3 Rd6 27. Qe3 Bc8 28. Qc5 Bf5 29. Bxf5 Nf3+ 30. Kf1 Nxe1
31. Qc8+ Kg7 32. Be4 Nd3 33. Bxd3 cxd3 34. Qg4 d2 35. Nh5+
1-0

[Event "New England Club Tourney for Under 1800"]
[Site "SchemingMind.com"]
[Date "2011.05.16"]
[Round "-"]
[White "lennart"]
[Black "rapscallion"]
[Result "1-0"]
[WhiteCountry "SWE"]
[BlackCountry "ENG"]
[WhiteElo "1526"]
[WhiteRD "56"]
[BlackElo "1617"]
[BlackRD "115"]
[GameID "284230"]

1. e4 c6 2. Nc3 d5 3. Nf3 Bg4 4. Be2 e6 5. Ne5 Bxe2 6. Qxe2 Nd7 7. Nxd7 Qxd7 8. d3 d4 9. Nd1 O-O-O 10. O-O e5
11. b3 h6 12. Nb2 Ne7 13. Nc4 Ng6 14. a4 Be7 15. Qh5 Bg5 16. Bxg5 hxg5 17. Qxg5 Rh6 18. Nxe5 Nxe5 19. Qxe5 Rdh8 20. f3 Rxh2
21. Qxg7 Rh1+ 22. Kf2 R1h7 23. Qg4 Qxg4 24. fxg4 Kd7 25. Rac1 b6 26. c3 c5 27. cxd4 cxd4 28. Rc4 Ke6 29. Rxd4 Ke5 30. Rd5+ Kf4
31. g5 Rh1 32. Rxh1 Rxh1 33. Rd7 Kxg5 34. Rxf7 Rb1 35. Rxa7 Rxb3 36. Ke3 Rb2 37. e5 Kf5 38. d4 Rxg2 39. Kd3 Ra2 40. Kc4 Ke6
41. Ra6 Rc2+ 42. Kd3 Rb2 43. a5 Ra2 44. Rxb6+ Kd7 45. e6+ Kc7 46. Ra6 Ra3+ 47. Ke4 Rh3 48. d5 Kb7 49. Rb6+
1-0

[Event "New England Club Tourney for Under 1800"]
[Site "SchemingMind.com"]
[Date "2011.05.17"]
[Round "-"]
[White "Clem"]
[Black "Odinson"]
[Result "0-1"]
[WhiteCountry "USA"]
[BlackCountry "USA"]
[WhiteElo "1468"]
[WhiteRD "64"]
[BlackElo "1687"]
[BlackRD "81"]
[GameID "284355"]

1. e4 d5 2. exd5 Qxd5 3. Nc3 Qa5 4. d4 Nf6 5. Nf3 Bf5 6. Bd2 c6 7. Bd3 Bg4 8. Ne4 Qd8 9. c3 e6 10. O-O Be7
11. h3 Bh5 12. Ng3 Bg6 13. Bxg6 hxg6 14. Re1 Na6 15. Bg5 Nd5 16. Qd2 Bxg5 17. Nxg5 Qf6 18. N3e4 Qf4 19. Qxf4 Nxf4 20. Nd6+ Ke7
21. Nxb7 Rab8 22. Nc5 Nxc5 23. dxc5 Rxb2 24. g3 Nd3 25. Rf1 f6 26. Ne4 Rxh3 27. Kg2 Rh5 28. Kf3 Rf5+ 29. Ke3 Ne5 30. f3 Nc4+
31. Kd3 Na3 32. c4 Rc2 33. Nd2 Rh5 34. Rh1 Rxh1 35. Rxh1 Rxa2 36. Rh7 Kf7 37. Rh8 Nc2 38. Kc3 Ne3 39. Ne4 Ra4 40. Nd6+ Ke7
41. Rc8 Ra6 42. Rc7+ Kf8 43. Rf7+ Kg8 44. Re7 e5 45. Re8+ Kh7 46. Nf7 g5 47. f4 gxf4 48. gxf4 Kg6 49. Nh8+ Kf5 50. Re7 g5
51. fxe5 fxe5 52. Nf7 e4 53. Re5+ Kf4 54. Rxg5 Nd1+ 55. Kd4 e3 56. Re5 Kf3 57. Kd3 Nf2+ 58. Kc3 e2 59. Ng5+ Kf4 60. Rxe2 Nd1+
61. Kd2 Nb2 62. Kc3 Na4+ 63. Kb4 Kxg5 64. Re5+ Kf4 65. Rh5 Nb2 66. Rh4+ Kg3 67. Rd4 Kf3 68. Rh4 Nd3+ 69. Kb3 Nxc5+ 70. Kb4 Nd3+
71. Kc3 Ne5 72. Kb4 Ke3 73. c5 Nd3+ 74. Kc4 Ra4+
0-1

[Event "New England Club Tourney for Under 1800"]
[Site "SchemingMind.com"]
[Date "2011.05.17"]
[Round "-"]
[White "Odinson"]
[Black "Clem"]
[Result "1-0"]
[WhiteCountry "USA"]
[BlackCountry "USA"]
[WhiteElo "1636"]
[WhiteRD "84"]
[BlackElo "1516"]
[BlackRD "68"]
[GameID "284360"]

1. e4 e5 2. f4 Nc6 3. Nf3 d6 4. Bc4 Nf6 5. O-O Be6 6. Bxe6 fxe6 7. Nc3 exf4 8. d4 Qe7 9. Bxf4 O-O-O 10. h3 e5
11. Bg5 h6 12. Bxf6 gxf6 13. d5 Na5 14. Nb5 a6 15. Na3 Qd7 16. b4 Qa4 17. bxa5 Qxa3 18. Qd2 Rg8 19. Rfb1 Qxf3 20. Rb3 Qxe4
21. Rab1 h5 22. Rxb7 Kd7 23. R1b4 Bh6 24. Rxc7+ Kxc7 25. Qc3+ Kd7 26. Rxe4 Rc8 27. Rc4 Be3+ 28. Kh1 Bd4 29. Qb3 Rb8 30. Qa4+ Kd8
31. Rb4 Ke7 32. a3 Rb5 33. Rxb5 axb5 34. Qxb5 Kf7 35. Qb7+ Kg6 36. a6 Rg7 37. Qc6 Bc5 38. a4 e4 39. Qe8+ Kf5 40. Qe6+ Kg5
41. Qxe4 f5 42. h4+
1-0

[Event "New England Club Tourney for Under 1800"]
[Site "SchemingMind.com"]
[Date "2011.05.19"]
[Round "-"]
[White "Senica"]
[Black "IGRamsey"]
[Result "0-1"]
[WhiteCountry "USA"]
[BlackCountry "USA"]
[WhiteElo "1243"]
[WhiteRD "99"]
[BlackElo "1512"]
[BlackRD "178"]
[GameID "284429"]

1. e4 e5 2. Nc3 Nf6 3. f4 d5 4. Nf3 exf4 5. Nxd5 Nxd5 6. exd5 Qxd5 7. d4 Be7 8. c3 O-O 9. Be2 g5 10. O-O Bf5
11. c4 Qd8 12. b3 c5 13. a3 b6 14. d5 Bf6 15. Ra2 g4 16. Bxf4 gxf3 17. Bxf3 Re8 18. h3 a6 19. Rd2 Nd7 20. Re2 Ne5
21. Bh5 Ra7 22. Bxe5 Rxe5 23. Kh1 Bg6 24. Bg4 Rxe2 25. Bxe2 Bd4 26. b4 Qg5 27. Bg4 h5 28. Bf3 Be5 29. Qb1 Qg3 30. Qe1 Qh2#
0-1

[Event "New England Club Tourney for Under 1800"]
[Site "SchemingMind.com"]
[Date "2011.05.19"]
[Round "-"]
[White "IGRamsey"]
[Black "Senica"]
[Result "1-0"]
[WhiteCountry "USA"]
[BlackCountry "USA"]
[WhiteElo "1497"]
[WhiteRD "142"]
[BlackElo "1233"]
[BlackRD "102"]
[GameID "284438"]

1. e4 e5 2. Nf3 Nc6 3. Bc4 h6 4. d4 Nf6 5. Nc3 d5 6. exd5 Nxd4 7. Nxd4 exd4 8. Qxd4 Be7 9. O-O O-O 10. Re1 Re8
11. Bf4 c5 12. Qe3 Bf5 13. Be2 Bg6 14. Rad1 Bd6 15. Qg3 Nh5 16. Bxh5 Bxf4 17. Qg4 Bg5 18. f4 Bh4 19. g3 Bxc2 20. Rd2 Rxe1+
21. Kf2 Qe8 22. Rxc2 Bf6 23. Re2 Rxe2+ 24. Qxe2 Qd8 25. Qc4 Rc8 26. Bg4 Rc7 27. Nb5 Re7 28. d6 a6 29. dxe7 Bxe7 30. Nc3 Bf8
31. Kg2 Qd2+ 32. Kh3 Qxb2 33. Qb3 Qxb3 34. axb3 b5 35. Be2 Kh8 36. Nd5 Kh7 37. Bd3+ g6 38. Nc7
1-0

[Event "New England Club Tourney for Under 1800"]
[Site "SchemingMind.com"]
[Date "2011.05.19"]
[Round "-"]
[White "staunton64"]
[Black "Tumbleweed"]
[Result "1-0"]
[WhiteCountry "FRA"]
[BlackCountry "ENG"]
[WhiteElo "1774"]
[WhiteRD "98"]
[BlackElo "1360"]
[BlackRD "106"]
[GameID "284516"]

1. e4 e5 2. Nf3 Nc6 3. Bc4 Nf6 4. Nc3 Bc5 5. O-O Qe7 6. d3 Nd4 7. Be3 Qd6 8. Bxd4 exd4 9. Nb5 Qb6 10. e5 d5
11. exf6 gxf6 12. Qe2+ Be6 13. Nxc7+ Qxc7 14. Bxd5 Qd7 15. Bb3 Rg8 16. Rfe1 Ke7 17. Qd2 Kf8 18. Qh6+ Rg7 19. Bxe6 fxe6 20. Qxf6+ Kg8
21. Qxe6+ Qf7 22. Qxf7+ Rxf7 23. Re4 Rd8 24. Rae1 Rff8 25. Ng5 Rf6 26. Ne6 Bb4 27. Nxd8 Bxe1 28. Rxe1 b6 29. Ne6 Rf4 30. Nxf4
1-0

[Event "New England Club Tourney for Under 1800"]
[Site "SchemingMind.com"]
[Date "2011.05.19"]
[Round "-"]
[White "Tumbleweed"]
[Black "staunton64"]
[Result "0-1"]
[WhiteCountry "ENG"]
[BlackCountry "FRA"]
[WhiteElo "1354"]
[WhiteRD "109"]
[BlackElo "1769"]
[BlackRD "100"]
[GameID "284521"]

1. d4 Nf6 2. Nf3 g6 3. Nc3 Bg7 4. e4 d6 5. Bc4 O-O 6. Bf4 Bg4 7. O-O Nc6 8. Qd3 Bxf3 9. e5 dxe5 10. dxe5 Qxd3
11. Bxd3 Bxg2 12. Kxg2 Nh5 13. Nd5 Nxf4+ 14. Nxf4 Nxe5 15. Be2 Rad8 16. Rad1 Nc6 17. c3 Rd6 18. Rd3 Rfd8 19. Rfd1 Rxd3 20. Rxd3 Rxd3
21. Bxd3 e6 22. Be4 Be5 23. Bxc6 bxc6 24. Nd3 Bd6 25. Nb4 Bxb4 26. cxb4 f5 27. h4 e5 28. a4 Kf7 29. Kg3 Ke6 30. Kf3 Kd5
31. Ke3 Kc4 32. f4 e4 33. Kd2 Kxb4 34. a5 Kb3
0-1

[Event "New England Club Tourney for Under 1800"]
[Site "SchemingMind.com"]
[Date "2011.06.01"]
[Round "-"]
[White "Daryl Fouard"]
[Black "abuteague"]
[Result "1-0"]
[WhiteCountry "USA"]
[BlackCountry "USA"]
[WhiteElo "1803"]
[WhiteRD "69"]
[BlackElo "1710"]
[BlackRD "69"]
[GameID "285118"]

1. e4 d6 2. f4 e5 3. d3 Nf6 4. Nf3 Bg4 5. Be2 Be7 6. O-O O-O 7. Be3 exf4 8. Bxf4 Nc6 9. Nbd2 Qd7 10. c3 Bxf3
11. Bxf3 Ne5 12. Bxe5 dxe5 13. Nc4 Bd6 14. Nxd6 Qxd6 15. Kh1 Rad8 16. Be2 Rd7 17. Bg4 Nxg4 18. Qxg4 Rfd8 19. Rf3 Qa6 20. c4 h6
21. Raf1 Rd6 22. Rxf7 Rg6 23. Qh5 Rxd3 24. Qxe5 Qc6 25. Rxc7 Qe6 26. Rxg7+
1-0

[Event "New England Club Tourney for Under 1800"]
[Site "SchemingMind.com"]
[Date "2011.06.01"]
[Round "-"]
[White "abuteague"]
[Black "Daryl Fouard"]
[Result "1-0"]
[WhiteCountry "USA"]
[BlackCountry "USA"]
[WhiteElo "1710"]
[WhiteRD "69"]
[BlackElo "1803"]
[BlackRD "69"]
[GameID "285124"]

1. d4 Nf6 2. Bg5 c5 3. Bxf6 gxf6 4. d5 f5 5. e3 Qb6 6. Qc1 Bg7 7. c3 Na6 8. Bxa6 Qxa6 9. Ne2 d6 10. Qc2 Bd7
11. O-O O-O 12. Nf4 e5 13. Nh5 c4 14. Nxg7 Kxg7 15. Qe2 Kh8 16. Qh5 f6 17. Nd2 Qb5 18. e4 fxe4 19. Nxe4 Qxb2 20. Rab1 Qc2
21. Nxd6 Qxc3 22. Rxb7 Rfd8 23. Nf7+ Kg8 24. Nxd8 Rxd8 25. Rxd7 Rxd7 26. Qe8+ Kg7 27. Qxd7+ Kg6 28. Qxa7 Qd2 29. Qe3 Qxa2 30. Rc1 c3
31. Qxc3 Qxd5 32. g3 Qd7 33. Qc8 Qd2 34. Qg4+ Kh6 35. Rc7 Qa2 36. Qg7+ Kh5 37. Qxh7+ Kg4 38. Rg7+ Kf3 39. Qd3#
1-0

[Event "New England Club Tourney for Under 1800"]
[Site "SchemingMind.com"]
[Date "2011.06.15"]
[Round "-"]
[White "staunton64"]
[Black "guyhayton"]
[Result "0-1"]
[WhiteCountry "FRA"]
[BlackCountry "ENG"]
[WhiteElo "1679"]
[WhiteRD "103"]
[BlackElo "1586"]
[BlackRD "89"]
[GameID "286664"]

1. e4 d6 2. d4 Nf6 3. Nc3 g6 4. Nf3 Bg7 5. h3 O-O 6. Be3 Nc6 7. Bd3 Nb4 8. Bc4 d5 9. exd5 Nfxd5 10. a3 Nxc3
11. bxc3 Nd5 12. Bd2 c5 13. O-O Bf5 14. Re1 Rc8 15. Bxd5 Qxd5 16. Rxe7 Bf6 17. Re1 cxd4 18. Nxd4 Be4 19. f3 Bf5 20. Bh6 Rfd8
21. Rb1 Bxc2 22. Nxc2 Qc5+ 23. Nd4 Qxc3 24. Ne2 Qc5+ 25. Kh1 Rxd1
0-1

[Event "New England Club Tourney for Under 1800"]
[Site "SchemingMind.com"]
[Date "2011.06.15"]
[Round "-"]
[White "guyhayton"]
[Black "staunton64"]
[Result "1-0"]
[WhiteCountry "ENG"]
[BlackCountry "FRA"]
[WhiteElo "1586"]
[WhiteRD "89"]
[BlackElo "1679"]
[BlackRD "103"]
[GameID "286671"]

1. e4 e5 2. d4 exd4 3. Qxd4 Nc6 4. Qe3 Nf6 5. Nc3 Bb4 6. Bd2 O-O 7. O-O-O Re8 8. Bc4 Bxc3 9. Bxc3 Rxe4 10. Bxf6 Rxe3
11. Bxd8 Re4 12. Bd5 Rg4 13. Bxc7 Nb4 14. Re1 g6 15. Re8+ Kg7 16. Be5+ Kh6 17. h3 Rh4 18. Nf3 Rh5 19. Bd6 Kg7 20. Bc4 a5
21. Nd2 Rf5 22. Bf8+ Kf6 23. Ne4#
1-0

[Event "New England Club Tourney for Under 1800"]
[Site "SchemingMind.com"]
[Date "2011.07.27"]
[Round "-"]
[White "DreamCreature"]
[Black "rapscallion"]
[Result "1-0"]
[WhiteCountry "USA"]
[BlackCountry "ENG"]
[WhiteElo "1720"]
[WhiteRD "85"]
[BlackElo "1691"]
[BlackRD "102"]
[GameID "289672"]

1. e4 c6 2. d4 d5 3. exd5 cxd5 4. c3 Nf6 5. Bd3 h6 6. Bf4 Bg4 7. Nf3 Nbd7 8. Nbd2 e6 9. O-O Be7 10. h3 Bh5
11. Qc2 Qb6 12. g4 Bg6 13. Bxg6 fxg6 14. Qxg6+ Kd8 15. Qxg7 Rh7 16. Qg6 Nf8 17. Qc2 Ne4 18. Nxe4 dxe4 19. Nd2 Bg5 20. Bxg5+ hxg5
21. Nxe4 Rxh3 22. Nxg5 Rh4 23. Nf7+ Ke7 24. Ne5 Qc7 25. Kg2 b5 26. Qe4 Rc8 27. Rh1 Rxh1 28. Rxh1 Kd6 29. Rh6 Qg7 30. Qf4 b4
31. Ng6+ Kd7 32. Nxf8+ Rxf8 33. Rh7 Qxh7 34. Qxf8 Qe4+ 35. Qf3
1-0

[Event "New England Club Tourney for Under 1800"]
[Site "SchemingMind.com"]
[Date "2011.07.28"]
[Round "-"]
[White "rapscallion"]
[Black "DreamCreature"]
[Result "1-0"]
[WhiteCountry "ENG"]
[BlackCountry "USA"]
[WhiteElo "1691"]
[WhiteRD "102"]
[BlackElo "1720"]
[BlackRD "85"]
[GameID "289675"]

1. d4 d5 2. c4 e6 3. Nc3 Nf6 4. Nf3 c5 5. Bg5 Nbd7 6. e3 h6 7. Bh4 cxd4 8. Nxd4 Be7 9. Bd3 O-O 10. O-O dxc4
11. Bxc4 Qb6 12. Qc2 Ne5 13. Bb3 Bd7 14. Rad1 Rac8 15. Qe2 Rfe8 16. Bxf6 Bxf6 17. Nf5 exf5 18. Nd5 Qc6 19. Nxf6+ gxf6 20. Qh5 Kg7
21. f4 Ng4 22. Qxf7+ Kh8 23. Rxd7 Qxd7 24. Qxd7 Nxe3 25. Re1 Rcd8 26. Qf7 Rf8 27. Qg6 Rd2 28. Qxh6#
1-0

[Event "New England Club Tourney for Under 1800"]
[Site "SchemingMind.com"]
[Date "2011.07.29"]
[Round "-"]
[White "IGRamsey"]
[Black "abuteague"]
[Result "1-0"]
[WhiteCountry "USA"]
[BlackCountry "USA"]
[WhiteElo "1607"]
[WhiteRD "128"]
[BlackElo "1632"]
[BlackRD "67"]
[GameID "289758"]

1. e4 d6 2. d4 Nf6 3. Nc3 c6 4. Bd3 g6 5. f4 Bg4 6. Nf3 Bg7 7. O-O Nbd7 8. Be3 e5 9. h3 Bxf3 10. Qxf3 Qe7
11. Bc4 O-O-O 12. d5 cxd5 13. Nxd5 Nxd5 14. Bxd5 Nc5 15. f5 Qf8 16. b4 Na6 17. a3 Kb8 18. c3 Rg8 19. Qf2 gxf5 20. Bxa7+ Ka8
21. Qb6 Qe7 22. Qxa6 Qd7 23. Bc5+ Kb8 24. Bxd6+
1-0

[Event "New England Club Tourney for Under 1800"]
[Site "SchemingMind.com"]
[Date "2011.07.29"]
[Round "-"]
[White "abuteague"]
[Black "IGRamsey"]
[Result "0-1"]
[WhiteCountry "USA"]
[BlackCountry "USA"]
[WhiteElo "1632"]
[WhiteRD "67"]
[BlackElo "1607"]
[BlackRD "128"]
[GameID "289759"]

1. d4 Nf6 2. Bg5 Ne4 3. Bf4 d5 4. f3 Nf6 5. e3 e6 6. Bd3 Nc6 7. Nc3 Bd6 8. Bg5 h6 9. Bh4 b6 10. Nge2 Bb7
11. Qd2 Qd7 12. a4 O-O-O 13. Nb5 Kb8 14. Nxd6 Qxd6 15. Bg3 Qe7 16. c3 h5 17. b4 h4 18. Bf2 e5 19. a5 e4 20. Bb5 h3
21. gxh3 exf3 22. Nf4 g5 23. Nd3 Rxh3 24. axb6 cxb6 25. Bxc6 Bxc6 26. Qa2 Bb5 27. Bg3+ Ka8 28. Ne5 Ne4 29. O-O-O Nxc3
0-1

[Event "New England Club Tourney for Under 1800"]
[Site "SchemingMind.com"]
[Date "2011.08.29"]
[Round "-"]
[White "IGRamsey"]
[Black "guyhayton"]
[Result "1-0"]
[WhiteCountry "USA"]
[BlackCountry "ENG"]
[WhiteElo "1620"]
[WhiteRD "132"]
[BlackElo "1629"]
[BlackRD "99"]
[GameID "291622"]

1. e4 c5 2. Nf3 a6 3. Nc3 d6 4. d4 cxd4 5. Nxd4 Nf6 6. Be3 Ng4 7. Bg5 h6 8. Bc1 e5 9. Nb3 Be7 10. Bc4 Nf6
11. O-O O-O 12. Be3 Qc7 13. Nd2 Bg4 14. f3 Be6 15. Bxe6 fxe6 16. Qe2 d5 17. f4 exf4 18. Bxf4 Qb6+ 19. Be3 Bc5 20. Bxc5 Qxc5+
21. Qf2 Qxf2+ 22. Rxf2 d4 23. Ne2 e5 24. Raf1 Nbd7 25. c3 d3 26. Ng3 Rad8 27. Nb3 Ng4 28. Rd2 Rxf1+ 29. Nxf1 Ngf6 30. Ng3 g6
31. Rxd3 Rc8 32. h3 Kg7 33. Kf2 Nb6 34. Na5 Na4 35. Rd2 b6 36. Nb3 h5 37. Ke3 b5 38. Rc2 Nxb2 39. Rxb2 Rxc3+ 40. Kf2 h4
41. Nf1 Nxe4+ 42. Ke1 Nf6 43. Re2 e4 44. Kd2 b4 45. Ne3 Nh5 46. Nc2 Nf4 47. Rxe4 Nxg2 48. Ne3 Nxe3 49. Rxe3 Rc4 50. Nc1 g5
51. a3 bxa3 52. Rxa3 g4 53. Rxa6 gxh3 54. Ra3 Kg6 55. Rxh3 Kf5 56. Nd3 Rg4 57. Nf2 Rg2 58. Ke2 Rg3 59. Rxh4 Kg5 60. Rb4 Kf5
61. Nd1 Ke5 62. Ne3 Rg7 63. Kd3
1-0

[Event "New England Club Tourney for Under 1800"]
[Site "SchemingMind.com"]
[Date "2011.08.28"]
[Round "-"]
[White "guyhayton"]
[Black "IGRamsey"]
[Result "1-0"]
[WhiteCountry "ENG"]
[BlackCountry "USA"]
[WhiteElo "1624"]
[WhiteRD "94"]
[BlackElo "1563"]
[BlackRD "128"]
[GameID "291627"]

1. e4 e5 2. d4 exd4 3. Nf3 Nc6 4. c3 d5 5. exd5 Qxd5 6. cxd4 Bg4 7. Nc3 Bb4 8. Be2 Bxf3 9. Bxf3 Qc4 10. Bxc6+ Qxc6
11. O-O Ne7 12. Re1 O-O-O 13. Qd3 a6 14. Bg5 f6 15. Bf4 Nd5 16. Bd2 g5 17. Nxd5 Bxd2 18. Ne7+ Kd7 19. Qf5+ Ke8 20. Nxc6+ Bxe1
21. Qe6+ Kf8 22. Qxf6+ Ke8 23. Qe7#
1-0

[Event "New England Club Tourney for Under 1800"]
[Site "SchemingMind.com"]
[Date "2011.11.05"]
[Round "-"]
[White "turbo_lag"]
[Black "Odinson"]
[Result "0-1"]
[WhiteCountry "USA"]
[BlackCountry "USA"]
[WhiteElo "1714"]
[WhiteRD "93"]
[BlackElo "1656"]
[BlackRD "75"]
[GameID "296352"]

1. e4 d5 2. exd5 Qxd5 3. Nc3 Qa5 4. d4 Nf6 5. Nf3 Bf5 6. Bd2 c6 7. Nd5 Qxd5 8. b3 e6 9. c4 Qd7 10. Ne5 Qxd4
11. Nf3 Qe4+ 12. Be2 Bg4 13. Qb1 Qxb1+ 14. Rxb1 Ne4 15. Rd1 Bxf3 16. Bxf3 Nxd2 17. Rxd2 Bb4 18. g4 O-O 19. a3 Bc3
0-1

[Event "New England Club Tourney for Under 1800"]
[Site "SchemingMind.com"]
[Date "2011.11.05"]
[Round "-"]
[White "Odinson"]
[Black "turbo_lag"]
[Result "1-0"]
[WhiteCountry "USA"]
[BlackCountry "USA"]
[WhiteElo "1614"]
[WhiteRD "72"]
[BlackElo "1598"]
[BlackRD "80"]
[GameID "296354"]

1. e4 c5 2. Nc3 Nc6 3. f4 g6 4. Nf3 Bg7 5. Bc4 e6 6. e5 d5 7. Be2 c4 8. Nb5 Bf8 9. d3 a6 10. Nbd4 Bc5
11. Be3 Qb6 12. c3 Qxb2 13. Qc1 Qxc1+ 14. Rxc1 Nh6 15. h3 Nxd4 16. cxd4 Bb4+ 17. Bd2 Bxd2+ 18. Nxd2 b5 19. dxc4 bxc4 20. g4 O-O
21. O-O Rb8 22. Rb1 Rb5 23. a4 Rb7 24. Rxb7 Bxb7 25. Rb1 c3 26. Nf3 c2 27. Rc1 Rc8 28. Ne1 Rc3 29. Kg2 Re3 30. Rxc2 Kg7
31. Nf3
1-0

[Event "New England Club Tourney for Under 1800"]
[Site "SchemingMind.com"]
[Date "2012.01.14"]
[Round "-"]
[White "rapscallion"]
[Black "Odinson"]
[Result "0-1"]
[WhiteCountry "ENG"]
[BlackCountry "USA"]
[WhiteElo "1704"]
[WhiteRD "104"]
[BlackElo "1681"]
[BlackRD "69"]
[GameID "301297"]

1. d4 f5 2. Nf3 g6 3. Bf4 Bg7 4. Nbd2 Nf6 5. e3 O-O 6. Bc4+ d5 7. Bb3 c6 8. Ne5 Ne4 9. O-O Nd7 10. Nxd7 Bxd7
11. Nxe4 fxe4 12. c4 Be6 13. c5 h5 14. f3 exf3 15. Qxf3 g5 16. Qxh5 gxf4 17. Rxf4 Rxf4 18. exf4 Bxd4+ 19. Kf1 Bg7 20. Bc2 Bd7
21. Bh7+ Kf8 22. Qg6 Be8 23. Qe6 Bf7 24. Qf5 e6 25. Qc2 Qh4 26. h3 Qxf4+ 27. Kg1 Bd4+ 28. Kh1 Be5 29. Kg1 Ke7 30. Rf1 Qd4+
31. Kh1 Rf8 32. Rf3 Qb4 33. Re3 Bg6 34. Rxe5 Bxc2 35. Bxc2 Rf1+
0-1